| 000 | 00638nam a2200217Ia 4500 | ||
|---|---|---|---|
| 001 | 1405 | ||
| 003 | GE_BSU | ||
| 008 | 181216s||||||||xx |||||||||||||| ||und|| | ||
| 020 | _a5020099430 | ||
| 040 | _cGE_BSU | ||
| 245 | _aЭтнография и смежные дисциплины | ||
| 245 | _bЭтнографические субдисциплины. Школы и напрвления. | ||
| 260 | _aМосква | ||
| 260 | _bНаука | ||
| 260 | _c1988 | ||
| 300 | _a222стр. | ||
| 541 | _h6л. | ||
| 653 | _aЭтнография | ||
| 653 | _aЭтнография и смежные дисциплины | ||
| 942 | _cBK | ||
| 999 |
_c35544 _d35544 |
||